Statistiques concernant Lieux de fiction

Cliquez ici pour prendre le quiz!

Statistiques générales

  • Ce quiz a été pris 70 fois
  • Le résultat moyen est 18 sur 53

Statistiques - réponses

HintRéponse% Correct
BarbielandBarbie
94%
GothamBatman
94%
Pré-Au-LardHarry Potter
92%
SpringfieldLes Simpson
91%
SimCityLes Sims
85%
PandoraAvatar
83%
Minas TirithLe Seigneur des Anneaux
72%
Vice CityGTA
70%
Royaume ChampignonMario
70%
NamekDragon Ball Z
64%
Camp fortifié BabaorumAstérix
58%
ArendelleLa reine des neiges
55%
WakandaMarvel
53%
KashyyykStar Wars
53%
PalombieLe Marsupilami
45%
Bourg CroquisPokémon
43%
OtokkarTintin
42%
PanemHunger Games
38%
Pays des FeuillesNaruto
38%
Water SevenOne Piece
34%
Wisteria LaneDesperate Housewives
32%
Greed IslandHunter X Hunter
30%
BordecielThe Elder Scrolls
30%
Village PiafZelda
30%
Hill ValleyRetour vers le futur
28%
NilfgaardThe Witcher
28%
ValyriaGame of Thrones
25%
TelmarNarnia
25%
Green HillSonic
25%
Colonie des Sang-MêlésPercy Jackson
23%
Nomades de l'AirAvatar le dernier maître de l'air
21%
Territoire du Clan de la RivièreLa Guerre des Clans
21%
Ile du ParadisL'Attaque des Titans
21%
Astéroide B326Le Petit Prince
21%
Magnolia (ville)Fairy Tail
19%
DaleLe Hobbit
17%
LionesSeven Deadly Sins
15%
AincradSword Art Online
13%
Collège KadicCode Lyoko
11%
Mute CityF-Zero
11%
Royaume du CoeurKingdom Hearts
11%
Walnut GroveLa petite maison dans la prairie
11%
Genoa CityLes Feux de l'Amour
11%
CalisotaPicsou
11%
Ankh-MorporkLe Disque-monde
9%
R'lyehCthulhu
8%
République de Nouvelle CalifornieFallout
8%
Vallée du VentNausicaa de la Vallée du vent
8%
XebelAquaman
2%
OutreterreDonjons & Dragons
2%
KielLes Gardiens de Ga'Hoole
2%
Silver MilleniumSailor Moon
2%
EsperanzaRobinson Crusoé
0%

Distribution des résultats

Percentile par nombre de réponses

% des personnes avec chaque résultat

Votre développement - résultats

Vous n’avez pas pris ce quiz